01377nam a2200301 a 450000100100000000500170001000800410002704000250006808200150009310000450010824500650015326000310021830000210024949000400027049000540031050400270036451000380039159000760042965000180050583000460052383000600056983000340062991000370066304900090070095201630070995201860087299900170105800003498920240509200458.0111024s1936 sp 000 0 spa d aDO-SdBNPbspacBNPHU a160bG216i1 aGarcía Bacca, David,d1901-199296059310aIntroducción a la lógica moderna /cDavid García Baca. aBarcelona :bLabor,c1936. a251 p. ;c19 cm.0 aBiblioteca de iniciación cultural0 aLabor. Sección 1 ; Ciencias filosóficas;v383 aBibliografía: p. 2450 aÍndice alfabético: p. 247-251 aPerteneció a la biblioteca personal de Juan Isidro Jimenes Grullón.20aLógica9332 0aBiblioteca de iniciación cultural95276 0aLabor. Sección 1; Ciencias filosóficas;n383960594 0aCiencias filosóficas960595 aValidado. Control de calidad MFF aBNGR 001052708MOaGRbGRcHDd2011-10-24iLF1l0o160 G216ip34989-10r2020-06-25w2020-06-25y2zBiblioteca Juan Isidro Jiménes GrullónZPréstamo interno 001050718MOaGRbGRcHDd2011-10-24iLF1l0o160 G216ip34990-10r2020-06-25w2020-06-25y1zPerteneció a la biblioteca personal de Juan Isidro Jimenes Grullón.ZNo se presta c34480d34480